Sports Quiz

Random Sports or MLB Quiz

600 Home Runs Photos Quiz Stats

 Plays Quiz Updated Mar 16, 2018

Support Sporcle.
Go Orange.
Score 0/9 Timer 02:00
1 Play Today
% Correct
Babe Ruth
99.4%
Barry Bonds
97.1%
Alex Rodriguez
95.7%
Hank Aaron
94.3%
Sammy Sosa
93.7%
Ken Griffey Jr.
93.2%
Willie Mays
90.2%
Albert Pujols
89.7%
Jim Thome
84.4%

You're not logged in!

Compare scores with friends on all Sporcle quizzes.
OR
Log In

From the Vault

Pop-Tarts Flavors by Any 3 Letters

by blarger

Is it blasphemy to prefer cold Pop-Tarts?
Remove Ads.
Support Sporcle.
Get the best of Sporcle when you Go Orange. This ad-free experience offers more features, more stats, and more fun while also helping to support Sporcle. Thank you for becoming a member.

Show Comments

Extras

Top Quizzes Today


Score Distribution

Your Account Isn't Verified!

In order to create a playlist on Sporcle, you need to verify the email address you used during registration. Go to your Sporcle Settings to finish the process.

Report this User

Report this user for behavior that violates our Community Guidelines.

Details: